000 01214cam a2200361 a 4500
001 22234
003 VRT
005 20260323141926.0
008 240314s2014 xo g 000 f slo
015 _aSNBA2014/11
020 _a9788081640124
_q(viaz.)
035 _a65D0098D-484B-4748-B2D3-86EC8A0B678B
035 _aurn:nbn:sk:snk-amjoi5
035 _aurn:nbn:sk:snk-am001ruv
039 9 _a202403141143
_bVLOAD
_c201604291147
_dVLOAD
_c201604271532
_dVLOAD
_c201508271522
_dVLOAD
040 _aPOKPOH
_bslo
_cPOKPOH
_dSNK
_eAACR2
041 0 _aslo
044 _axo
_cSK
072 7 _a821.162.4-3
_xSlovenská próza
_2konspekt
080 _a821.162.4-31
_22001
100 1 _aMichalíková, Nela
_4aut
245 1 0 _aAko poslednýkrát
_cNela Michalíková
250 _a1. vyd.
260 _aBratislava
_bMotýľ
_c2014
300 _a180 s.
_c21 cm
655 7 _aslovenské romány
_2SNKPH
655 7 _aSlovak fiction
_2SNKPHeng
942 _2ddc
_cKLDO
_n0
949 _617A1119464
_asnkSC 161670 D1
_bsnk2014/24676
_o2278/14
949 _asnklmDK 6840 SNKLM
_bsnklm2014/13
949 _617A1119143
_asnkSC 161670
_bsnk2014/24429
_o2278/14
_s6100:20140925
949 _6270001000453537
_asvkbbA 141552
_bsvkbbm 744721
999 _c22234
_d22234